Machine Learning With its Application in Data Science/ (Record no. 198535)
[ view plain ]
| 000 -LEADER | |
|---|---|
| fixed length control field | 00750nam a22002297a 4500 |
| 005 - DATE AND TIME OF LATEST TRANSACTION | |
| control field | 20230925130945.0 |
| 010 ## - LCCN (DPL NO) | |
| LC control number | ENG-135484 |
| 020 ## - INTERNATIONAL STANDARD BOOK NUMBER | |
| International Standard Book Number | 9789395422147 |
| Terms of availability | 350.00 |
| 035 ## - SYSTEM CONTROL NUMBER | |
| System control number | EN-119016 |
| 037 ## - SOURCE OF ACQUISITION | |
| Source of stock number/acquisition | DBAD/PUB |
| 082 ## - DEWEY DECIMAL CLASSIFICATION NUMBER | |
| Classification number | 006.31 |
| 100 ## - MAIN ENTRY--PERSONAL NAME | |
| Personal name | Ankit, Kumar |
| 245 ## - TITLE STATEMENT | |
| Title | Machine Learning With its Application in Data Science/ |
| Statement of responsibility, etc | By Ankit, Kumar...[et.al] |
| 260 ## - PUBLICATION, DISTRIBUTION, ETC. (IMPRINT) | |
| Place of publication, distribution, etc | Madurai |
| Name of publisher, distributor, etc | Shanlax Press |
| Date of publication, distribution, etc | 2022 |
| 270 ## - ADDRESS | |
| Address | 61,66 T.P.K Main Road Vasantha Nagar |
| City | Tamil Nadu |
| Postal code | 625003 |
| 300 ## - PHYSICAL DESCRIPTION | |
| Extent | 226p. |
| Dimensions | 24m(pbk) |
| 700 ## - ADDED ENTRY--PERSONAL NAME | |
| Personal name | Artheewswari, S |
| Relator term | Author |
| 9 (RLIN) | 57377 |
| 700 ## - ADDED ENTRY--PERSONAL NAME | |
| Personal name | Sugumar, R |
| Relator term | Author |
| 9 (RLIN) | 57378 |
| 700 ## - ADDED ENTRY--PERSONAL NAME | |
| Personal name | Haritha, T |
| Relator term | Author |
| 9 (RLIN) | 57379 |
| 700 ## - ADDED ENTRY--PERSONAL NAME | |
| Personal name | Babu, A V Santhosh |
| Relator term | Author |
| 9 (RLIN) | 57380 |
| 942 ## - ADDED ENTRY ELEMENTS (KOHA) | |
| Source of classification or shelving scheme | Dewey Decimal Classification |
| Item type | English Books |
| Classification part | 006.31 |
| Call number suffix | ANK |
| Withdrawn status | Lost status | Not for loan | Collection code | Home library | Current library | Date acquired | Source of acquisition | Cost, normal purchase price | Full call number | Barcode | Copy number | Cost, replacement price | Koha item type |
|---|---|---|---|---|---|---|---|---|---|---|---|---|---|
| Non-fiction | D.B.Act.Division | Mobile Library | 25/09/2023 | DBAD/PUB | 350.00 | 006.31 ANK | EN-119016 | 1 | 350.00 | English Books |
